|
|
|
|
| LEADER |
01075nam a22002417a 4500 |
| 001 |
38258 |
| 003 |
BD-DhAAL |
| 008 |
220404t2019 bg ||||| |||| 00| 0 ben d |
| 999 |
|
|
|c 43969
|d 43969
|
| 020 |
|
|
|a 9789849239079
|
| 040 |
|
|
|a BD-DhAAL
|c BD-DhAAL
|
| 041 |
|
|
|a ben
|
| 082 |
|
|
|a 153.42
|2 23
|
| 100 |
|
|
|a হাসান, দিদার
|9 47664
|
| 245 |
|
|
|a বাংলাদেশের সঙ্কট ও সম্ভাবনা :
|b বিশিষ্টজনদের দৃষ্টিতে /
|c দিদার হাসান
|
| 260 |
|
|
|a ঢাকা :
|b জাগৃতি প্রকাশনী,
|c ২০১৯
|
| 300 |
|
|
|a ১৬৭ পৃষ্ঠা ;
|c ২২ সে.মি.
|
| 541 |
|
|
|a Donated By Akbar Ali Khan
|e 38258
|
| 650 |
|
|
|a Thought and thinking.
|9 47665
|
| 650 |
|
|
|a Social psychology.
|9 47666
|
| 852 |
|
|
|a Ayesha Abed Library
|c Akbar Ali Khan Collection
|
| 942 |
|
|
|2 ddc
|c BK
|
| 952 |
|
|
|0 0
|1 0
|2 ddc
|4 0
|6 153_420000000000000_HAS
|7 1
|9 70352
|a BRACUL
|b BRACUL
|c AAKC
|d 2022-04-04
|e Donated by Akbar Ali Khan
|l 0
|o 153.42 HAS
|p 3010038258
|r 2022-04-04
|t 1
|w 2022-04-04
|y BK
|